Govt. of
Madhya Pradesh

The saga of the cactus land (Record no. 69017)

MARC details
000 -LEADER
fixed length control field 00294nam a22001217a 4500
082 ## - DEWEY DECIMAL CLASSIFICATION NUMBER
Classification number 823/VAI
100 ## - MAIN ENTRY--AUTHOR NAME
Personal name Vairamuthu
245 ## - TITLE STATEMENT
Title The saga of the cactus land
260 ## - PUBLICATION, DISTRIBUTION, ETC. (IMPRINT)
Place of publication New delhi
Name of publisher Sahitya akademi
Year of publication 2023
650 ## - SUBJECT ADDED ENTRY--TOPICAL TERM
Topical Term Novel
700 ## - ADDED ENTRY--PERSONAL NAME
Personal name Tr. by Subramanian,Gita
942 ## - ADDED ENTRY ELEMENTS (KOHA)
Koha item type Books
Holdings
Withdrawn status Lost status Damaged status Not for loan Home library Current library Date acquired Cost, normal purchase price Full call number Accession Number Price effective from Koha item type
        MACL MACL 09/04/2026 350.00 823/VAI CRE040472 09/04/2026 Books